Japonsko: krize překonána?
Prekonanie najväčšej povojnovej krízy, obdobia stagnácie a nerovnovážnosti v Japonsku. Korene krízy. Ozdravenie bankového sektora a všetkých oblastí ekonomiky. Vládna fiškálna politika. Prognózy.
Gespeichert in:
| 1. Verfasser: | |
|---|---|
| Format: | Buchkapitel |
| Sprache: | Tschechisch |
| Schlagworte: | |
| Tags: |
Keine Tags, Fügen Sie das erste Tag hinzu!
|
MARC
| LEADER | 00000naa a2200000 4500 | ||
|---|---|---|---|
| 001 | r040412 | ||
| 005 | 20231003114224.4 | ||
| 041 | 0 | |a cze | |
| 044 | |a CZ | ||
| 245 | 1 | 0 | |a Japonsko: krize překonána? |c Miloš Keller |
| 520 | |a Prekonanie najväčšej povojnovej krízy, obdobia stagnácie a nerovnovážnosti v Japonsku. Korene krízy. Ozdravenie bankového sektora a všetkých oblastí ekonomiky. Vládna fiškálna politika. Prognózy. | ||
| 610 | 2 | 0 | |a kríza |
| 610 | 2 | 0 | |a Japonsko |
| 610 | 2 | 0 | |a situácia hospodárska |
| 610 | 2 | 0 | |a bankovníctvo |
| 610 | 2 | 0 | |a politika fiškálna |
| 610 | 2 | 0 | |a prognózy |
| 100 | 1 | |a Keller, Miloš | |